| 000 | 00696cab a2200241 4500 | ||
|---|---|---|---|
| 001 | WB3001-22 | ||
| 008 | 090401t1993 xxu||||| |||| 00| 0 eng d | ||
| 035 | _a(Sirsi) u42000 | ||
| 041 | _aeng | ||
| 245 | _aRipples stir the green breeze | ||
| 260 | _c1993 | ||
| 350 | _a0 | ||
| 490 |
_aFinancial Times _v22 December 1993, 8(2) |
||
| 520 | _aConsiders whether wind farms are a blight on the countryside or an important renewable energy source. | ||
| 650 | _aCOUNTRY GUARDIANS | ||
| 650 | _aPPG22 | ||
| 650 | _aRENEWABLE ENERGY SOURCES | ||
| 650 | _aWIND FARMING | ||
| 650 | _aWIND POWER | ||
| 690 | _aENVIRONMENTAL AND LAND CONSULTANCY-ENERGY | ||
| 942 | _n0 | ||
| 948 | _c04/03/1997 | ||
| 999 |
_c26975 _d26975 |
||